[Event "FIDE World Cup 2011"]
[Site "Khanty-Mansiysk RUS"]
[Date "2011.09.02"]
[Round "2.3"]
[White "Ni, Hua"]
[Black "Ponomariov, Ruslan"]
[Result "1/2-1/2"]
[WhiteTitle "GM"]
[BlackTitle "GM"]
[WhiteElo "2662"]
[BlackElo "2764"]
[WhiteFideId "8601160"]
[BlackFideId "14103320"]
[EventDate "2011.08.28"]

1. Nf3 d5 2. d4 Nf6 3. c4 e6 4. g3 Bb4+ 5. Bd2 Be7 6. Bg2 c6 7. O-O Nbd7 8. Qc2
O-O 9. Rd1 b6 10. Bf4 Ba6 11. b3 Rc8 12. Nc3 Nh5 13. Bc1 Nhf6 14. Bf4 Nh5 15.
Bc1 Nhf6 1/2-1/2

[Event "FIDE World Cup 2011"]
[Site "Khanty-Mansiysk RUS"]
[Date "2011.09.02"]
[Round "2.3"]
[White "Feller, Sebastien"]
[Black "Grischuk, Alexander"]
[Result "0-1"]
[WhiteTitle "GM"]
[BlackTitle "GM"]
[WhiteElo "2666"]
[BlackElo "2746"]
[WhiteFideId "634654"]
[BlackFideId "4126025"]
[EventDate "2011.08.28"]

1. d4 d5 2. c4 e6 3. Nf3 Nf6 4. Nc3 Be7 5. Bg5 h6 6. Bh4 O-O 7. Qc2 b6 8. e3 Bb7
9. Bxf6 Bxf6 10. cxd5 exd5 11. Be2 c5 12. Rd1 Nd7 13. O-O Rc8 14. Qf5 g6 15. Qf4
Bg7 16. Rd2 Qf6 17. Qg3 Qe7 18. Rfd1 Rfd8 19. a3 Nf6 20. Ne5 cxd4 21. exd4 Ne4
22. Nxe4 dxe4 23. Nc4 Bd5 24. Ne3 Kh7 25. Bg4 Rc6 26. h4 h5 27. Be2 Rcd6 28. Qf4
Bb3 29. Rc1 Bxd4 30. Bxh5 Bxe3 31. Qxe3 Rxd2 0-1

[Event "FIDE World Cup 2011"]
[Site "Khanty-Mansiysk RUS"]
[Date "2011.09.02"]
[Round "2.3"]
[White "Nguyen, Ngoc Truong Son"]
[Black "Svidler, Peter"]
[Result "1/2-1/2"]
[WhiteTitle "GM"]
[BlackTitle "GM"]
[WhiteElo "2637"]
[BlackElo "2739"]
[WhiteFideId "12401110"]
[BlackFideId "4102142"]
[EventDate "2011.08.28"]

1. Nf3 g6 2. d4 Nf6 3. c4 Bg7 4. g3 O-O 5. Bg2 d5 6. O-O c6 7. cxd5 cxd5 8. Nc3
e6 9. Ne5 Nfd7 10. f4 Nc6 11. Kh1 Ndxe5 12. dxe5 b6 13. Be3 Qd7 14. Rc1 Bb7 15.
Ne4 Rad8 16. Nf6+ Bxf6 17. exf6 d4 18. Bg1 e5 19. Qd2 e4 20. f5 e3 21. Bxe3 dxe3
22. Qxd7 Rxd7 23. Bxc6 Bxc6+ 24. Rxc6 Rd2 25. Rfc1 Rxe2 26. Rc8 Re1+ 27. Rxe1
Rxc8 28. Rxe3 gxf5 29. Re7 h6 30. Rxa7 Kh7 31. Rxf7+ Kg6 32. Rb7 Rc1+ 33. Kg2
Rc2+ 34. Kg1 Rxb2 35. f7 Kg7 36. a4 Rb4 37. Ra7 Rb2 38. h4 Ra2 39. Ra6 Kxf7 40.
Rxb6 Rxa4 41. Rxh6 Rg4 42. Kf2 f4 43. gxf4 1/2-1/2

[Event "FIDE World Cup 2011"]
[Site "Khanty-Mansiysk RUS"]
[Date "2011.09.02"]
[Round "2.3"]
[White "Vallejo Pons, Francisco"]
[Black "Bruzon Batista, Lazaro"]
[Result "1/2-1/2"]
[WhiteTitle "GM"]
[BlackTitle "GM"]
[WhiteElo "2724"]
[BlackElo "2673"]
[WhiteFideId "2205530"]
[BlackFideId "3503739"]
[EventDate "2011.08.28"]

1. e4 e5 2. Nf3 Nc6 3. Bb5 Nf6 4. O-O Nxe4 5. Re1 Nd6 6. Nxe5 Be7 7. Bf1 Nf5 8.
c3 Nxe5 9. Rxe5 d6 10. Re1 O-O 11. d4 d5 12. Bd3 Bd6 13. Nd2 Nh4 14. g3 Ng6 15.
Qh5 c6 16. Nf3 Qd7 17. Kg2 Qg4 18. Qxg4 Bxg4 19. h3 Bd7 20. h4 Rfe8 21. Bd2 Rxe1
22. Rxe1 Re8 23. Rxe8+ Bxe8 24. Ng5 Nf8 25. Nh3 Bd7 26. b3 Ne6 27. Ng5 h6 28.
Nf3 h5 29. Be3 g6 30. c4 Ng7 31. cxd5 1/2-1/2

[Event "FIDE World Cup 2011"]
[Site "Khanty-Mansiysk RUS"]
[Date "2011.09.02"]
[Round "2.3"]
[White "Ivanov, Alexander"]
[Black "Lysyj, Igor"]
[Result "1/2-1/2"]
[WhiteTitle "GM"]
[BlackTitle "GM"]
[WhiteElo "2538"]
[BlackElo "2629"]
[WhiteFideId "2000202"]
[BlackFideId "4150120"]
[EventDate "2011.08.28"]

1. e4 e5 2. Nf3 Nc6 3. Bb5 Nf6 4. Nc3 Bb4 5. O-O O-O 6. d3 d6 7. Bg5 Ne7 8. Ne2
Ng6 9. c3 Ba5 10. h3 h6 11. Be3 c6 12. Ba4 d5 13. Ng3 Be6 14. Bc2 dxe4 15. dxe4
Bb6 16. Qxd8 Rfxd8 17. Bxb6 axb6 18. Bb3 Bxb3 19. axb3 1/2-1/2

[Event "FIDE World Cup 2011"]
[Site "Khanty-Mansiysk RUS"]
[Date "2011.09.02"]
[Round "2.3"]
[White "Inarkiev, Ernesto"]
[Black "Moiseenko, Alexander"]
[Result "0-1"]
[WhiteTitle "GM"]
[BlackTitle "GM"]
[WhiteElo "2679"]
[BlackElo "2715"]
[WhiteFideId "4162722"]
[BlackFideId "14102560"]
[EventDate "2011.08.28"]

1. e4 c5 2. Nf3 Nc6 3. Nc3 Nf6 4. Bb5 Qc7 5. O-O Nd4 6. Re1 a6 7. Bc4 e6 8. e5
b5 9. Bf1 Nxf3+ 10. Qxf3 Bb7 11. Qg3 Nh5 12. Qh4 g6 13. d3 Be7 14. Bg5 Qd8 15.
Bxe7 Qxe7 16. Qg4 f5 17. Qd1 O-O 18. Be2 Nf4 19. Bf3 Bxf3 20. Qxf3 g5 21. Rad1
Ng6 22. d4 g4 23. Qe3 c4 24. d5 f4 25. Qd4 Rf5 26. dxe6 dxe6 27. Nd5 Qh4 28. Nc7
Rh5 29. h3 Rf8 30. Nxe6 gxh3 31. Nxf8 hxg2 32. Qd5+ Kxf8 33. Qd8+ Qxd8 34. Rxd8+
Ke7 35. Red1 f3 36. R1d7+ Ke6 37. Rd6+ Kf5 38. Rf6+ Ke4 39. Rd4+ Kxd4 40. Rxf3
Nxe5 41. Rf4+ Kd5 42. Kxg2 Rg5+ 43. Kf1 h5 44. Rf6 Rg6 45. Rf5 Ke4 46. Rxh5 Nf3
47. Rh1 b4 48. c3 bxc3 49. bxc3 Ke5 0-1

[Event "FIDE World Cup 2011"]
[Site "Khanty-Mansiysk RUS"]
[Date "2011.09.02"]
[Round "2.3"]
[White "Nielsen, Peter Heine"]
[Black "Adams, Michael"]
[Result "1/2-1/2"]
[WhiteTitle "GM"]
[BlackTitle "GM"]
[WhiteElo "2681"]
[BlackElo "2715"]
[WhiteFideId "1400355"]
[BlackFideId "400041"]
[EventDate "2011.08.28"]

1. d4 Nf6 2. c4 e6 3. g3 d5 4. Bg2 dxc4 5. Nf3 Bb4+ 6. Nbd2 b5 7. O-O O-O 8. a4
c6 9. axb5 cxb5 10. Ng5 Nd5 11. e4 Qxg5 12. exd5 exd5 13. Nxc4 Qd8 14. Ne3 Be6
15. Qb3 a5 16. Nxd5 Nc6 17. Rd1 Rc8 18. Bf4 a4 19. Qf3 Bxd5 20. Qxd5 Qxd5 21.
Bxd5 Rfd8 22. Bxc6 Rxc6 23. d5 Rc4 1/2-1/2

[Event "FIDE World Cup 2011"]
[Site "Khanty-Mansiysk RUS"]
[Date "2011.09.02"]
[Round "2.3"]
[White "Riazantsev, Alexander"]
[Black "Nepomniachtchi, Ian"]
[Result "0-1"]
[WhiteTitle "GM"]
[BlackTitle "GM"]
[WhiteElo "2688"]
[BlackElo "2711"]
[WhiteFideId "4125029"]
[BlackFideId "4168119"]
[EventDate "2011.08.28"]

1. d4 Nf6 2. c4 g6 3. Nc3 d5 4. cxd5 Nxd5 5. Bd2 Bg7 6. e4 Nxc3 7. Bxc3 O-O 8.
Qd2 b6 9. h4 Bb7 10. f3 e5 11. d5 c6 12. Bc4 cxd5 13. Bxd5 Bxd5 14. exd5 Na6 15.
O-O-O Qd7 16. h5 Rac8 17. hxg6 hxg6 18. Kb1 Rfd8 19. g4 Rc5 20. d6 Rc6 21. Qh2
Rxd6 22. Qh7+ Kf8 23. Qxg7+ Kxg7 24. Bxe5+ f6 25. Rxd6 Qxd6 26. Bxd6 Rxd6 27.
Ne2 Rd3 28. Rf1 Rd2 29. Nc3 Nb4 30. Ne4 Rd3 31. g5 fxg5 32. Nxg5 Kf6 33. Ne4+
Ke5 34. Nc3 Nc6 35. Re1+ Kf5 36. f4 Kxf4 37. Re6 Ne5 38. Kc2 Rd7 39. Rf6+ Kg4
40. a4 g5 41. b4 Nc4 42. Ne4 Rd4 43. Nf2+ Kg3 44. Nd3 Ne3+ 45. Kc3 Re4 46. Rf7
Nd5+ 47. Kb3 Rd4 48. Rxa7 Rxd3+ 49. Kc4 Rd1 50. a5 bxa5 51. bxa5 g4 52. Kc5 Nf6
53. Rf7 Nd7+ 54. Kb5 Rb1+ 55. Ka6 Nb8+ 56. Ka7 Nc6+ 57. Ka6 Ra1 0-1

[Event "FIDE World Cup 2011"]
[Site "Khanty-Mansiysk RUS"]
[Date "2011.09.02"]
[Round "2.3"]
[White "Bacrot, Etienne"]
[Black "Filippov, Anton UZB"]
[Result "1-0"]
[WhiteTitle "GM"]
[BlackTitle "GM"]
[WhiteElo "2710"]
[BlackElo "2606"]
[WhiteFideId "605506"]
[BlackFideId "14200988"]
[EventDate "2011.08.28"]

1. Nf3 d5 2. d4 Nf6 3. c4 e6 4. g3 Bb4+ 5. Bd2 Be7 6. Bg2 c6 7. O-O Nbd7 8. Nc3
O-O 9. Bf4 dxc4 10. e4 Re8 11. a4 a5 12. Qe2 b6 13. Rfd1 Ba6 14. Nd2 Bf8 15.
Nxc4 Nd5 16. Bd2 Nb4 17. Be3 Qc8 18. Rac1 Qb7 19. e5 f5 20. exf6 Nxf6 21. Bg5
Nfd5 22. b3 h6 23. Bd2 Rad8 24. Ne4 Qf7 25. h4 g6 26. Qg4 Qf5 27. Qe2 Bg7 28.
Be1 e5 29. dxe5 Bxe5 30. Bxb4 axb4 31. Qd2 Bc7 32. Re1 Kh7 33. Qb2 Rf8 34. Ne3
Nxe3 35. Rxe3 Be5 36. Ng5+ hxg5 37. Rxe5 Qf7 38. hxg5 c5 39. Rce1 Rde8 40. R1e4
Rxe5 41. Rh4+ Kg8 42. Qxe5 Qxf2+ 43. Kh1 1-0

[Event "FIDE World Cup 2011"]
[Site "Khanty-Mansiysk RUS"]
[Date "2011.09.02"]
[Round "2.3"]
[White "Zherebukh, Yaroslav"]
[Black "Felgaer, Ruben"]
[Result "1-0"]
[WhiteTitle "GM"]
[BlackTitle "GM"]
[WhiteElo "2590"]
[BlackElo "2573"]
[WhiteFideId "14116804"]
[BlackFideId "107069"]
[EventDate "2011.08.28"]

1. e4 c5 2. Nf3 Nc6 3. Bb5 e6 4. O-O Nge7 5. c3 d5 6. exd5 Nxd5 7. Bxc6+ bxc6 8.
c4 Nf4 9. d4 Ng6 10. Bg5 Qc7 11. d5 Bd6 12. Nc3 O-O 13. dxe6 Bxe6 14. Ne4 Bf4
15. Qb3 Rab8 16. Qc3 h6 17. Bxf4 Qxf4 18. Rfe1 Bg4 19. Nfd2 Rfd8 20. Nb3 h5 21.
Nbxc5 h4 22. b3 Qf5 23. h3 Bh5 24. Nd3 Rd7 25. c5 Rd5 26. Re3 Rbd8 27. Nd6 Qg5
28. Rae1 Rd7 29. Kh1 Kh7 30. Ne5 Nf4 31. g3 hxg3 32. Rxg3 Qf6 33. Nxd7 Qh6 34.
Nf8+ Kh8 35. Re8 Rd1+ 36. Kh2 1-0

[Event "FIDE World Cup 2011"]
[Site "Khanty-Mansiysk RUS"]
[Date "2011.09.02"]
[Round "2.4"]
[White "Karjakin, Sergey"]
[Black "So, Wesley"]
[Result "1-0"]
[WhiteTitle "GM"]
[BlackTitle "GM"]
[WhiteElo "2788"]
[BlackElo "2658"]
[WhiteFideId "14109603"]
[BlackFideId "5202213"]
[EventDate "2011.08.28"]

1. e4 c6 2. d4 d5 3. e5 Bf5 4. Nf3 e6 5. Be2 c5 6. Be3 cxd4 7. Nxd4 Ne7 8. Nd2
Nbc6 9. N2f3 Be4 10. O-O Bxf3 11. Nxf3 Ng6 12. c4 dxc4 13. Bxc4 Qc7 14. Qb3 Be7
15. Rac1 O-O 16. Bd3 Rfd8 17. Rfd1 Bf8 18. g3 Rd7 19. Be4 Rxd1+ 20. Rxd1 Rc8 21.
Kg2 Na5 22. Qa4 b6 23. Rd7 Qc4 24. Qxc4 Nxc4 25. Bd4 Bc5 26. Bxg6 hxg6 27. Bxc5
bxc5 28. b3 Nb6 29. Rxa7 c4 30. bxc4 Nxc4 31. a4 f6 32. exf6 gxf6 33. a5 e5 34.
a6 Na5 35. Nh4 Nc6 36. Rb7 g5 37. Nf5 Kf8 38. Rf7+ 1-0

[Event "FIDE World Cup 2011"]
[Site "Khanty-Mansiysk RUS"]
[Date "2011.09.02"]
[Round "2.4"]
[White "Ponomariov, Ruslan"]
[Black "Ni, Hua"]
[Result "1/2-1/2"]
[WhiteTitle "GM"]
[BlackTitle "GM"]
[WhiteElo "2764"]
[BlackElo "2662"]
[WhiteFideId "14103320"]
[BlackFideId "8601160"]
[EventDate "2011.08.28"]

1. e4 e6 2. d4 d5 3. Nc3 Nf6 4. e5 Nfd7 5. Nce2 c5 6. c3 Nc6 7. Nf3 Be7 8. g3
O-O 9. Bh3 b5 10. O-O b4 11. Nf4 Nb6 12. Kg2 bxc3 13. bxc3 Nc4 14. Qa4 Qb6 15.
dxc5 Qa6 16. Qxa6 Bxa6 17. Nd3 Ne3+ 18. Bxe3 Bxd3 19. Rfe1 Be4 20. Bd4 f5 21.
exf6 Bxf6 22. Bxf6 Rxf6 23. Rxe4 dxe4 24. Ng5 Nd8 25. Nxe4 Rf7 26. Rd1 Rc7 27.
Rd6 Kf7 28. Ng5+ Ke7 29. Nxe6 Nxe6 30. Rxe6+ Kf7 31. Re5 Rd8 32. Bg4 g6 33. h4
Re7 34. Rxe7+ Kxe7 35. c6 Kd6 36. Kf3 Kxc6 37. Ke3 Kc5 38. Be2 Rb8 39. Bd3 Rb2
40. a4 Ra2 41. Bb5 Rc2 42. g4 Rxc3+ 43. Kf4 Rb3 44. Kg5 Rf3 45. Kh6 Rxf2 46.
Kxh7 Rh2 47. Kxg6 Rxh4 48. g5 Kd6 49. Kf5 Rh2 50. g6 Rf2+ 51. Kg5 Ke7 52. Bc6
Kf8 53. a5 Kg7 54. a6 Rf6 55. Bb7 Rxg6+ 56. Kf5 Rb6 57. Ke5 Kf8 58. Kd5 Ke7 59.
Bc8 Kd8 60. Bb7 Kc7 61. Kc5 Rg6 62. Kd5 Kb6 63. Kd4 Rg5 64. Kc4 Rc5+ 65. Kd4 Rc1
66. Kd5 Kb5 67. Kd4 Ra1 68. Bc8 Rd1+ 69. Ke3 Rd6 70. Bb7 Kc4 71. Bc8 Rd3+ 72.
Ke2 Kc3 73. Bb7 Rd6 74. Ke3 Re6+ 75. Kf4 Kd4 76. Kf5 Re1 77. Bc8 Re5+ 78. Kf6
Kd5 79. Bb7+ Kd6 80. Bc8 Re8 81. Bb7 Rf8+ 82. Kg5 Ke5 83. Kg4 Rf6 84. Kg3 Rf4
85. Bc6 Rf6 86. Bb7 Rf7 87. Kg4 Rf8 88. Kg3 Kd6 89. Kg4 Rf7 90. Kg5 Rf1 91. Kg4
Rf2 92. Kg5 Ke5 93. Kg4 Kd4 94. Kg3 Ke3 95. Kg4 Rf8 96. Kg5 Kd4 97. Kg4 Ke5 98.
Kg3 Rf4 99. Bc6 Kf5 100. Ba8 Kg5 101. Bb7 Rf6 102. Bc8 Rc6 103. Bb7 Rc3+ 104.
Kf2 Kf4 105. Ke2 Ke5 106. Kd2 Kd4 107. Ke2 Ra3 108. Kf2 Re3 109. Ba8 Kd3 110.
Bb7 Kd2 111. Ba8 Re6 112. Bb7 Rf6+ 113. Kg3 Ke3 114. Kg4 Kd4 1/2-1/2

[Event "FIDE World Cup 2011"]
[Site "Khanty-Mansiysk RUS"]
[Date "2011.09.02"]
[Round "2.4"]
[White "Grischuk, Alexander"]
[Black "Feller, Sebastien"]
[Result "1-0"]
[WhiteTitle "GM"]
[BlackTitle "GM"]
[WhiteElo "2746"]
[BlackElo "2666"]
[WhiteFideId "4126025"]
[BlackFideId "634654"]
[EventDate "2011.08.28"]

1. d4 Nf6 2. Nf3 g6 3. c4 Bg7 4. g3 b6 5. Bg2 Bb7 6. O-O O-O 7. d5 Ne4 8. Qc2 f5
9. Bf4 c6 10. Nfd2 Nf6 11. Nc3 Nh5 12. Bg5 h6 13. Be3 e5 14. dxe6 dxe6 15. c5
Nd7 16. Nc4 Nxc5 17. Bxc5 bxc5 18. Na4 Nf6 19. Nxc5 Bc8 20. Ne5 Nd5 21. Nxg6 Re8
22. Nd3 Rb8 23. Nge5 Rb6 24. Rac1 Ba6 25. Rfd1 Qc7 26. Nc4 Rbb8 27. Qa4 Bb5 28.
Qa5 Qe7 29. a4 Bxc4 30. Rxc4 Rb6 31. Qc5 Qf7 32. a5 Ra6 33. Qa3 e5 34. Nc5 Bf8
35. b4 e4 36. Nxa6 e3 37. f4 Nf6 38. Rxc6 1-0

[Event "FIDE World Cup 2011"]
[Site "Khanty-Mansiysk RUS"]
[Date "2011.09.02"]
[Round "2.4"]
[White "Svidler, Peter"]
[Black "Nguyen, Ngoc Truong Son"]
[Result "1/2-1/2"]
[WhiteTitle "GM"]
[BlackTitle "GM"]
[WhiteElo "2739"]
[BlackElo "2637"]
[WhiteFideId "4102142"]
[BlackFideId "12401110"]
[EventDate "2011.08.28"]

1. e4 e6 2. d4 d5 3. Nd2 c5 4. Ngf3 cxd4 5. Nxd4 Nf6 6. exd5 Qxd5 7. Nb5 Na6 8.
Nc3 Qd8 9. g3 Bb4 10. Qf3 Nc7 11. a3 Be7 12. Bg2 O-O 13. O-O Rb8 14. Nde4 Nxe4
15. Qxe4 Bf6 16. Bf4 Bd7 17. Rad1 Qc8 18. Bd6 Bc6 19. Qf4 Bxg2 20. Kxg2 Bxc3 21.
bxc3 Nd5 22. Qf3 Qc6 23. Bxf8 Rxf8 24. Rd4 b5 25. a4 a6 26. axb5 axb5 27. Ra1 g6
28. Ra3 Kg7 29. h4 h5 30. Kg1 Qc5 31. Rb3 Ra8 32. Rd1 Rc8 33. Rd3 Ra8 34. Qe4
Ra1+ 35. Kg2 Qc4 36. Qd4+ Kh7 37. Rb2 Qc6 38. Rf3 f6 39. c4 Qxc4 40. Qxc4 bxc4
41. Rb7+ Kh6 42. Rd7 Ra6 43. Kf1 f5 44. Rd8 Kg7 45. Rc8 Ra4 46. Ke2 Kf7 47. Kd2
e5 48. Rc5 Ke6 49. Rc6+ Kf7 50. Rd6 Ra5 51. Rc6 e4 52. Rc3 Nxc3 53. Kxc3 Ra3+
54. Kd2 Rf3 55. Ke2 Rc3 56. Kd2 Rf3 57. Ke2 1/2-1/2

[Event "FIDE World Cup 2011"]
[Site "Khanty-Mansiysk RUS"]
[Date "2011.09.02"]
[Round "2.4"]
[White "Bruzon Batista, Lazaro"]
[Black "Vallejo Pons, Francisco"]
[Result "1-0"]
[WhiteTitle "GM"]
[BlackTitle "GM"]
[WhiteElo "2673"]
[BlackElo "2724"]
[WhiteFideId "3503739"]
[BlackFideId "2205530"]
[EventDate "2011.08.28"]

1. Nf3 Nf6 2. c4 e6 3. g3 d5 4. Bg2 dxc4 5. Qa4+ Nbd7 6. Qxc4 a6 7. Qb3 c5 8. a4
Bd6 9. O-O O-O 10. Na3 Bc7 11. Nc4 b6 12. d3 Bb7 13. Bd2 Qe7 14. Rfc1 Rab8 15.
Qa3 Nd5 16. Ne3 Rfc8 17. Qb3 h6 18. Nc4 Rd8 19. Qd1 e5 20. Nh4 Nf4 21. Bxb7 Rxb7
22. Qf1 Ne6 23. Nf5 Qf6 24. e4 Nd4 25. Nxd4 exd4 26. Qg2 Rbb8 27. f4 b5 28. axb5
axb5 29. Ba5 Qc6 30. Bxc7 Qxc7 31. Nd2 Nb6 32. b3 Ra8 33. Qf1 Qe7 34. Qf3 Rxa1
35. Rxa1 c4 36. dxc4 Qb4 37. Nf1 d3 38. Rd1 bxc4 39. bxc4 Qxc4 40. Ne3 Qd4 41.
Kg2 Na4 42. Nf5 Qb2+ 43. Kh3 Qc2 44. Qg4 g6 45. Nxh6+ Kf8 46. Qh4 Qxd1 47. Qxd8+
Kg7 48. Qg8+ Kxh6 49. Qh8# 1-0

[Event "FIDE World Cup 2011"]
[Site "Khanty-Mansiysk RUS"]
[Date "2011.09.02"]
[Round "2.4"]
[White "Lysyj, Igor"]
[Black "Ivanov, Alexander"]
[Result "1-0"]
[WhiteTitle "GM"]
[BlackTitle "GM"]
[WhiteElo "2629"]
[BlackElo "2538"]
[WhiteFideId "4150120"]
[BlackFideId "2000202"]
[EventDate "2011.08.28"]

1. d4 Nf6 2. c4 e6 3. Nf3 b6 4. a3 Bb7 5. Nc3 d5 6. cxd5 exd5 7. g3 Be7 8. Bg2
O-O 9. O-O Nbd7 10. Bf4 Nh5 11. Be3 Re8 12. b4 a6 13. Qb3 c6 14. a4 b5 15. a5
Bd6 16. Bg5 Ndf6 17. Nd2 h6 18. Bxf6 Qxf6 19. e3 Qe7 20. Rab1 f5 21. e4 fxe4 22.
Ndxe4 Kh8 23. Nxd6 Qxd6 24. Rbe1 Nf6 25. Na2 Bc8 26. Nc1 Bf5 27. f3 Nd7 28. Qc3
Qg6 29. Kf2 Bb1 30. Re2 Rxe2+ 31. Nxe2 Ba2 32. Nf4 Qd6 33. Re1 Nf8 34. Nd3 Nd7
35. Bh3 Bc4 36. Re6 Qf8 37. Nf4 Qf7 38. Qc2 Nf8 39. Ng6+ Nxg6 40. Qxg6 Qxg6 41.
Rxg6 Re8 42. Re6 1-0

[Event "FIDE World Cup 2011"]
[Site "Khanty-Mansiysk RUS"]
[Date "2011.09.02"]
[Round "2.4"]
[White "Moiseenko, Alexander"]
[Black "Inarkiev, Ernesto"]
[Result "1-0"]
[WhiteTitle "GM"]
[BlackTitle "GM"]
[WhiteElo "2715"]
[BlackElo "2679"]
[WhiteFideId "14102560"]
[BlackFideId "4162722"]
[EventDate "2011.08.28"]

1. d4 d6 2. e4 g6 3. Nc3 Bg7 4. Be3 a6 5. Nf3 Nd7 6. Bd3 c5 7. dxc5 Nxc5 8. O-O
Nf6 9. e5 Ng4 10. Bxc5 dxc5 11. Qe2 O-O 12. h3 Nh6 13. Rfd1 Qe8 14. Nd5 Rb8 15.
c3 Kh8 16. a4 Bd7 17. Nb6 Bc6 18. Be4 Rd8 19. a5 Rxd1+ 20. Rxd1 f6 21. e6 f5 22.
Bxc6 Qxc6 23. Rd7 Ng8 24. Qc4 h6 25. b4 Rf6 26. Qxc5 Qxc5 27. bxc5 Rxe6 28. Rxb7
Rc6 29. Na4 Re6 30. Rb6 Re4 31. Rb4 Re6 32. Rb6 Re4 33. Rb4 Nf6 34. c6 Nd5 35.
Rxe4 fxe4 36. Nd2 e3 37. fxe3 Be5 38. Nc4 Bg3 39. Kf1 Kg7 40. Ke2 Kf6 41. Nc5
Bh2 42. Nxa6 Nxc3+ 43. Kd3 Nb5 44. c7 Bxc7 45. Nxc7 Nxc7 46. Ke4 1-0

[Event "FIDE World Cup 2011"]
[Site "Khanty-Mansiysk RUS"]
[Date "2011.09.02"]
[Round "2.4"]
[White "Adams, Michael"]
[Black "Nielsen, Peter Heine"]
[Result "0-1"]
[WhiteTitle "GM"]
[BlackTitle "GM"]
[WhiteElo "2715"]
[BlackElo "2681"]
[WhiteFideId "400041"]
[BlackFideId "1400355"]
[EventDate "2011.08.28"]

1. e4 c5 2. Nf3 d6 3. Nc3 Nf6 4. d4 cxd4 5. Qxd4 Nc6 6. Bb5 Bd7 7. Bxc6 Bxc6 8.
Bg5 e6 9. Qd3 Be7 10. Nd4 O-O 11. O-O-O Rc8 12. f4 Qa5 13. Kb1 Rfd8 14. g4 Be8
15. f5 Bd7 16. Rhg1 Qa6 17. Qf3 Rc4 18. Bc1 e5 19. g5 Rxc3 20. Qxc3 Nxe4 21. Qf3
d5 22. Nb3 Qc6 23. h4 g6 24. f6 Bf8 25. Nd2 Nd6 26. Nf1 Bf5 27. Qb3 Nc4 28. Rg2
d4 29. Rf2 Be6 30. Qg3 e4 31. h5 e3 32. Rh2 Na3+ 33. bxa3 Qc4 34. Bxe3 Qxa2+ 35.
Kc1 dxe3 0-1

[Event "FIDE World Cup 2011"]
[Site "Khanty-Mansiysk RUS"]
[Date "2011.09.02"]
[Round "2.4"]
[White "Nepomniachtchi, Ian"]
[Black "Riazantsev, Alexander"]
[Result "1/2-1/2"]
[WhiteTitle "GM"]
[BlackTitle "GM"]
[WhiteElo "2711"]
[BlackElo "2688"]
[WhiteFideId "4168119"]
[BlackFideId "4125029"]
[EventDate "2011.08.28"]

1. e4 e6 2. d4 d5 3. exd5 exd5 4. Nf3 Bd6 5. Bd3 Bg4 6. h3 Bh5 7. O-O Nc6 8.
Re1+ Nge7 9. c3 Qd7 10. Nbd2 O-O-O 11. Nf1 f6 12. Ng3 Bf7 13. Qc2 g6 14. a4 h5
15. Nh4 Rdg8 16. b4 Kb8 17. b5 Nd8 18. Ba3 Bxa3 19. Rxa3 f5 20. Nf3 f4 21. Nf1
g5 22. Ne5 Qd6 23. Ra2 Be6 24. Qc1 f3 25. Qa3 fxg2 26. Kxg2 Rg7 27. a5 Qxa3 28.
Rxa3 Bc8 29. Ng3 Ne6 30. Ne2 Rf8 31. Raa1 c5 32. dxc5 Nxc5 33. Nd4 Nxd3 34. Nxd3
Nf5 35. Ne5 g4 36. hxg4 Nxd4 37. cxd4 Bxg4 38. b6 Be2+ 39. Kh3 Rxf2 40. Rg1 Bg4+
41. Nxg4 Rf3+ 42. Kh4 hxg4 43. Rxg4 Rh7+ 44. Kg5 axb6 45. axb6 Rb3 46. Ra5 Rd7
47. Kf5 Rxb6 48. Ke5 Rh6 49. Rg5 Rhd6 50. Rg8+ Kc7 51. Rc5+ Kb6 52. Rg7 Rd8 53.
Rg8 R8d7 54. Rg7 Rd8 55. Rcc7 Rh6 1/2-1/2

[Event "FIDE World Cup 2011"]
[Site "Khanty-Mansiysk RUS"]
[Date "2011.09.02"]
[Round "2.4"]
[White "Filippov, Anton UZB"]
[Black "Bacrot, Etienne"]
[Result "0-1"]
[WhiteTitle "GM"]
[BlackTitle "GM"]
[WhiteElo "2606"]
[BlackElo "2710"]
[WhiteFideId "14200988"]
[BlackFideId "605506"]
[EventDate "2011.08.28"]

1. b3 e5 2. Bb2 Nc6 3. e3 Nf6 4. Bb5 Bd6 5. Na3 a6 6. Be2 e4 7. d4 exd3 8. cxd3
Bb4+ 9. Kf1 d5 10. Rc1 O-O 11. Nf3 Bd6 12. h3 Nb4 13. Qd2 c5 14. Bc3 Nc6 15. Qb2
d4 16. exd4 cxd4 17. Bd2 Re8 18. Nc2 Bc5 19. b4 Bb6 20. a4 Bf5 21. Na3 Qd5 22.
Bf4 Rxe2 23. Kxe2 Bxd3+ 24. Kxd3 Qe4+ 25. Kd2 Qxf4+ 26. Kd1 Ne4 27. Nc4 Nc3+ 28.
Kc2 Qf5+ 29. Kb3 Qd5 30. Qd2 Nxb4 31. Kxb4 Bc5+ 32. Kb3 Ne4 33. Qf4 b5 34. Qe5
bxc4+ 35. Ka2 Nc3+ 36. Ka1 Qc6 0-1

[Event "FIDE World Cup 2011"]
[Site "Khanty-Mansiysk RUS"]
[Date "2011.09.02"]
[Round "2.4"]
[White "Felgaer, Ruben"]
[Black "Zherebukh, Yaroslav"]
[Result "0-1"]
[WhiteTitle "GM"]
[BlackTitle "GM"]
[WhiteElo "2573"]
[BlackElo "2590"]
[WhiteFideId "107069"]
[BlackFideId "14116804"]
[EventDate "2011.08.28"]

1. e4 e5 2. Nf3 Nc6 3. Bb5 Nf6 4. d3 Bc5 5. c3 O-O 6. O-O d6 7. Bg5 h6 8. Bh4 g5
9. Bg3 Nh5 10. d4 exd4 11. cxd4 Bb6 12. Nc3 Bg4 13. Nd5 Bxd4 14. Bxc6 bxc6 15.
Qxd4 cxd5 16. Qxd5 Bxf3 17. gxf3 Qf6 18. e5 Qf5 19. Rfe1 Rab8 20. b3 Rfe8 21.
Rac1 Re7 22. Qa5 Qxf3 23. exd6 Rxe1+ 24. Rxe1 cxd6 25. Qc7 Ra8 26. Qxd6 Nf4 27.
Bxf4 gxf4 28. Qd1 Qc6 29. Qc1 Qf3 30. Qd1 Qc6 31. h3 Kh8 32. Qd4+ f6 33. Kh2 Rg8
34. Qe4 Qd6 35. Qf3 Qd2 36. Rd1 Qb4 37. Rc1 Qd4 38. Rd1 Qe5 39. Rd5 Qa1 40. Rd1
Qe5 41. a4 a5 42. Rd5 Qe1 43. Rd1 Qe5 44. Rg1 Rxg1 45. Kxg1 h5 46. Kg2 Kg7 47.
Qb7+ Kh6 48. Qf3 Qg5+ 49. Kh2 Qe5 50. Qd3 f3+ 51. Kg1 Qg5+ 52. Kf1 Qc1+ 0-1

[Event "FIDE World Cup 2011"]
[Site "Khanty-Mansiysk RUS"]
[Date "2011.09.02"]
[Round "2.5"]
[White "Ponomariov, Ruslan"]
[Black "Ni, Hua"]
[Result "1-0"]
[WhiteTitle "GM"]
[BlackTitle "GM"]
[WhiteElo "2764"]
[BlackElo "2662"]
[WhiteFideId "14103320"]
[BlackFideId "8601160"]
[EventDate "2011.08.28"]

1. e4 e6 2. d4 d5 3. Nc3 Nf6 4. e5 Nfd7 5. Nce2 c5 6. c3 Nc6 7. Nf3 Be7 8. a3 a5
9. Nf4 a4 10. Bd3 Nb6 11. O-O O-O 12. h4 cxd4 13. cxd4 Nc4 14. g3 b5 15. Bc2 f5
16. exf6 gxf6 17. Re1 Qd6 18. Nh2 Rf7 19. Ng4 Kh8 20. Nh6 Rg7 21. Nh5 e5 22.
Nxg7 Kxg7 23. Qh5 Be6 24. Nf5+ Bxf5 25. Bxf5 1-0